000 00530nam a2200157 i 4500
001 134617
003 ES-MaACL
005 20230906194718.0
007 t|
008 070912s1920 sp ||||1| spa d
100 1 _aYanguas Messía, José de,
_d1890-1974
_9117556
245 1 0 _aDiscurso pronunciado... como mantenedor de los Juegos Florales celebrados en Jaén el día 21 de octubre de 1920 /
_cpor José Yanguas Messía.
260 _aMadrid :
_b[s.n.],
_c1920.
852 _aES-MaACL
_j1526-F-7
999 _c134617
_d134617